| 000 | 00329 a2200121 4500 | ||
|---|---|---|---|
| 000 | nam a22 7a 4500 | ||
| 005 | 20260207153159.0 | ||
| 020 | _a9789348433244 | ||
| 100 |
_aBabulal Meena, Asha Singh Rawat _91114381 |
||
| 245 | _aMahakavi Bhavbhuti Vichar aur Samiksha | ||
| 260 |
_bShivalik Prakashan _c2025 |
||
| 942 | _cTEXL | ||
| 999 |
_c1678925 _d1678925 |
||